000 01140nac a22003017a 4500
001 BR8806152
003 BR-BrBNA
005 20240105120843.0
008 230509b bl.|||m| |||| 00| 0 por d
040 _aBR-BrBNA
_bpor
_cBiblioteca Nacional de Agricultura
072 _aL02; Q52
090 _a1950 BR8806152
100 1 _aOliveira, M.C. de
100 1 _aSilva, C.M.M. de S.
110 1 _aCentro de Pesquisa Agropecuaria do Tropico Semi-Arido, Petrolina, PE (Brasil)
245 1 _aComportamento de algumas forrageiras para pastejo direto e producao de feno na regiao semi-arida do Nordeste
246 1 _a[Reaction of some feed crops for pasture and hay production at the arid region of the northeast region, Brazil]
260 3 _aPetrolina, PE (Brasil):
_c1988.
300 _a6 p.
490 _aComunicado Tecnico - Centro de Pesquisa Agropecuaria do Tropico Semi-Arido (Brazil)
_vno. 24
_xISSN 0100-6061
650 _aLEGUMINOSA FORRAGEIRA
650 _aPASTEJO DIRETO
650 _aFENO
650 _aFENACAO
650 _aREGIAO NORDESTE
909 _a202312
_bLúcia Elande
_c55
_dLúcia Elande
942 _2AGRIS
_n0
_cMS
999 _c281796
_d281796